Khoa học và công nghệ Việt Nam
সংরক্ষণ করুন:
| বিন্যাস: | গ্রন্থ |
|---|---|
| ভাষা: | Undetermined |
| প্রকাশিত: |
Hà Nội
Bộ Khoa học và Công nghệ
2019
|
| বিষয়গুলি: | |
| ট্যাগগুলো: |
ট্যাগ যুক্ত করুন
কোনো ট্যাগ নেই, প্রথমজন হিসাবে ট্যাগ করুন!
|
| Thư viện lưu trữ: | Trung tâm Học liệu Trường Đại học Cần Thơ |
|---|
| LEADER | 00532nam a2200181Ia 4500 | ||
|---|---|---|---|
| 001 | CTU_234292 | ||
| 008 | 210402s9999 xx 000 0 und d | ||
| 082 | |a 600 | ||
| 082 | |b Kh401 | ||
| 245 | 0 | |a Khoa học và công nghệ Việt Nam | |
| 245 | 0 | |c Bộ Khoa học và Công nghệ | |
| 260 | |a Hà Nội | ||
| 260 | |b Bộ Khoa học và Công nghệ | ||
| 260 | |c 2019 | ||
| 650 | |a Technology,Công nghệ | ||
| 904 | |f ctulCH | ||
| 904 | |l p | ||
| 980 | |a Trung tâm Học liệu Trường Đại học Cần Thơ | ||